Conceptos de genética / (Registro nro. 11075)

Detalles MARC
000 -LEADER
campo de control de longitud fija 03292cam a22006374i 4500
003 - IDENTIFICADOR DE NÚMERO DE CONTROL
campo de control PE-LiUPU
005 - FECHA Y HORA DE LA ÚLTIMA TRANSACCIÓN
campo de control 20250731180059.0
008 - DATOS DE LONGITUD FIJA--INFORMACIÓN GENERAL
campo de control de longitud fija 070209s2006 sp a i 001 0 spa d
020 ## - NÚMERO INTERNACIONAL ESTÁNDAR DEL LIBRO
Número Internacional Estándar del Libro 8420550140
020 ## - NÚMERO INTERNACIONAL ESTÁNDAR DEL LIBRO
Número Internacional Estándar del Libro 9788420550145
035 ## - NÚMERO DE CONTROL DEL SISTEMA
Número de control de sistema (Sirsi) i9788420550145
040 ## - FUENTE DE CATALOGACIÓN
Centro catalogador/agencia de origen PIF
Lengua de catalogación spa
Centro/agencia transcriptor PIF
Centro/agencia modificador UGX
-- UXS
-- OCLCA
-- OCLCQ
-- OCLCF
-- OCLCO
-- OCLCQ
-- PE-LiUPU
Normas de descripción rda
041 1# - CÓDIGO DE IDIOMA
Código de lengua del texto/banda sonora o título independiente spa
Código de lengua original eng
049 ## - FONDOS LOCALES (OCLC)
Biblioteca depositaria PRUA
050 14 - SIGNATURA TOPOGRÁFICA DE LA BIBLIOTECA DEL CONGRESO
Número de clasificación QH430
Número de ítem .K57418 2006
082 04 - NÚMERO DE LA CLASIFICACIÓN DECIMAL DEWEY
Número de clasificación 575.1
Cutter K64
Número de edición 21
100 1# - ENTRADA PRINCIPAL--NOMBRE DE PERSONA
Nombre de persona Klug, William S.,
Término indicativo de función/relación autor.
245 10 - MENCIÓN DEL TÍTULO
Título Conceptos de genética /
Mención de responsabilidad, etc. William S. Klug, Michael R. Cummings, Charlotte A. Spencer.
250 ## - MENCION DE EDICION
Mención de edición Octava edición.
264 ## - PRODUCCIÓN, PUBLICACIÓN, DISTRIBUCIÓN, FABRICACIÓN Y COPYRIGHT
Producción, publicación, distribución, fabricación y copyright Madrid :
Nombre del de productor, editor, distribuidor, fabricante Pearson,
Fecha de producción, publicación, distribución, fabricación o copyright 2006.
300 ## - DESCRIPCIÓN FÍSICA
Extensión xxix, 884 páginas :
Otras características físicas ilustraciones ;
Dimensiones 27 centímetros
336 ## - TIPO DE CONTENIDO
-- ext
Fuente rdacontent
337 ## - TIPO DE MEDIO
-- nmediated
Fuente rdamedia
338 ## - TIPO DE SOPORTE
-- olume
Fuente rdacarrier
500 ## - NOTA GENERAL
Nota general Translation of: Concepts of genetics, 2006.
504 ## - NOTA DE BIBLIOGRAFÍA, ETC.
Nota de bibliografía, etc. Índice : páginas 859-884.
505 2# - NOTA DE CONTENIDO CON FORMATO
Nota de contenido con formato Introducción a la genética -- Mitosis y meiosis -- Genéticca mendeliana -- Ampliaciónes de la genética mendeliana -- Cartografía cromosómica en eucariotas -- Análisis genético y mapas en bacterias y bacteriófagos -- Determinación del sexo y cromosomas sexuales -- Mutaciones cromosómicas: variación en el número y ordenación de los cromosomas Herencia extranuclear -- Estructura y análisis del DNA -- Replicación y recombinación de DNA -- La organización del DNA en cromosomas -- El código genético y la transcripción -- Traducción y proteinas -- Mutación genética, reparación del DNA y transposición -- Regulación de expresión genéticas en procariotas -- Regulación de la expresión genética en eucariotas -- Regualción del ciclo celular -- y cancer -- Tecnología del DNA recombinante -- Genómica y proteómica -- Disección de la función genética: análisis mutacional en organismos modelo -- Aplicaciones y ética de la biotecnología -- Genética del desarrollo de organismo modelo -- Genética cuantitativa y caracteres multifactoriales -- Genética de poblaciones -- Genética evolutiva -- Genética de la conservación.
526 ## - NOTA DE INFORMACIÓN SOBRE EL PROGRAMA DE ESTUDIO
Nombre del programa Segunda Especialidad En Estadística Aplicada Para Investigación (A Distancia)
526 ## - NOTA DE INFORMACIÓN SOBRE EL PROGRAMA DE ESTUDIO
Nombre del programa Segunda Especialidad En Estadística Aplicada Para Investigación
526 ## - NOTA DE INFORMACIÓN SOBRE EL PROGRAMA DE ESTUDIO
Nombre del programa Odontología
526 ## - NOTA DE INFORMACIÓN SOBRE EL PROGRAMA DE ESTUDIO
Nombre del programa Tecnología Médica En Terapia Física Y Rehabilitación (A Distancia)
526 ## - NOTA DE INFORMACIÓN SOBRE EL PROGRAMA DE ESTUDIO
Nombre del programa Tecnología Médica En Terapia Física Y Rehabilitación (Semipresencial)
526 ## - NOTA DE INFORMACIÓN SOBRE EL PROGRAMA DE ESTUDIO
Nombre del programa Tecnología Médica En Laboratorio Clínico Y Anatomía Patológica
526 ## - NOTA DE INFORMACIÓN SOBRE EL PROGRAMA DE ESTUDIO
Nombre del programa Ingeniería De Ciencia De Datos E Inteligencia Artificial
526 ## - NOTA DE INFORMACIÓN SOBRE EL PROGRAMA DE ESTUDIO
Nombre del programa Ingeniería Ambiental (Semipresencial)
526 ## - NOTA DE INFORMACIÓN SOBRE EL PROGRAMA DE ESTUDIO
Nombre del programa Nutrición humana
526 ## - NOTA DE INFORMACIÓN SOBRE EL PROGRAMA DE ESTUDIO
Nombre del programa Medicina humana
526 ## - NOTA DE INFORMACIÓN SOBRE EL PROGRAMA DE ESTUDIO
Nombre del programa Ingeniería de industrias alimentarias
526 ## - NOTA DE INFORMACIÓN SOBRE EL PROGRAMA DE ESTUDIO
Nombre del programa Ingeniería civil
526 ## - NOTA DE INFORMACIÓN SOBRE EL PROGRAMA DE ESTUDIO
Nombre del programa Ingeniería ambiental
526 ## - NOTA DE INFORMACIÓN SOBRE EL PROGRAMA DE ESTUDIO
Nombre del programa Enfermería
526 ## - NOTA DE INFORMACIÓN SOBRE EL PROGRAMA DE ESTUDIO
Nombre del programa Educación secundaria, especialidad matemática e informática
526 ## - NOTA DE INFORMACIÓN SOBRE EL PROGRAMA DE ESTUDIO
Nombre del programa Educación secundaria, especialidad ambiental, biología y química
541 ## - NOTA DE FUENTE DE ADQUISICIÓN DIRECTA
-- 001-003151;
596 ## -
-- 1
650 #4 - PUNTO DE ACCESO ADICIONAL DE MATERIA--TÉRMINO DE MATERIA
Término de materia o nombre geográfico como elemento de entrada Genética.
700 1# - ENTRADA AGREGADA--NOMBRE PERSONAL
Nombre de persona Bueno I. Torrens, David,
Término indicativo de función/relación traductor.
700 1# - ENTRADA AGREGADA--NOMBRE PERSONAL
Nombre de persona Cummings, Michael R.,
Término indicativo de función/relación autor.
700 1# - ENTRADA AGREGADA--NOMBRE PERSONAL
Nombre de persona Ménsua, José Luis,
Término indicativo de función/relación traductor.
700 1# - ENTRADA AGREGADA--NOMBRE PERSONAL
Nombre de persona Spencer, Charlotte A.,
Término indicativo de función/relación autor.
700 1# - ENTRADA AGREGADA--NOMBRE PERSONAL
Nombre de persona Ward, Sarah M.,
Término indicativo de función/relación colaborador.
942 ## - ELEMENTOS DE ENTRADA SECUNDARIOS (KOHA)
Fuente del sistema de clasificación o colocación Clasificación Decimal Dewey
Tipo de ítem Koha
949 ## - PROCESAMIENTO DE INFORMACIÓN LOCAL (OCLC)
a 576.5 K64
w DEWEY
c 1
i 74018
d 2016-11-29
e 2016-11-29
l CCODEBUL1
m BUL
n 3
p 158.61
r 0
s Y
t BOOK
u 2016-7-12
x SALUD
-- P30
0 COMPRA
o .STAFF. Colección General
994 ## -
-- C0
-- PEPRU
999 ## - NÚMEROS DE CONTROL DE SISTEMA (KOHA)
-- DEWEY
-- 74018
-- 2019-6-10
-- 2021-11-5
-- 5
-- CCODEBUL1
-- BUL
-- 19
-- 158.61
-- 9
-- 0
-- Y
-- BOOK
-- 2016-7-12
-- BIBLIOTECA
-- P30
-- COMPRA
-- .STAFF. Colección Ciencias de la Salud
980 ## - EQUIVALENCIA O REFERENCIA-CRUZADA-MENCIÓN DE SERIE--NOMBRE DE PERSONA/TÍTULO [LOCAL, CANADÁ]
ID del último usuario que modificó el registro 1
Nombre del último usuario que modificó el registro ALBERTO SANCHEZ Responsable de Automatización
Existencias
Visto por última vez Número de inventario Total de préstamos Signatura topográfica completa Código de barras Fecha del último préstamo Copia número Coste, precio de reemplazo Fecha de reemplazo Facultad Tipo de ítem Koha Nota pública Estado de pérdida Fuente del sistema de clasificación o colocación Restricciones de uso No para préstamo Colección Programa académico Biblioteca de origen Biblioteca actual Ubicación en estantería Fecha de adquisición Fuente de adquisición Coste, precio normal de compra
2025-12-03 6 19 575.1 K64 74018 2019-06-10 e1 163.61 2016-07-12 FACIHED Libros físicos inventario-2023-12-13 No Perdido Clasificación Decimal Dewey No restringido Disponible para préstamos Colección General Educación secundaria, especialidad ambiental, biología y química Biblioteca CRAI UPeU Lima Biblioteca CRAI UPeU Lima Sala principal 2016-07-12 COMPRA 158.61